Cuentos goticos (Registro nro. 4067)

Detalles MARC
000 -CABECERA
Longitud fija campo de control 02345nam a2200421 a 4500
003 - • IDENTIFICADOR DELl NÚMERO DE CONTROL
Identificador del número de control CO-ViMGA
005 - • FECHA Y HORA DE LA ÚLTIMA TRANSACCIÓN
Fecha y hora de la última transacción 20230915233135.0
008 - • CÓDIGOS DE INFORMACIÓN DE LONGITUD FIJA
Códigos de información de longitud fija 141226s2014 ag a jr 0011j spa d
020 ## - • NÚMERO INTERNACIONAL NORMALIZADO PARA LIBROS
Número Internacional Normalizado para Libros (ISBN) 9789581414543
040 ## - FUENTE DE LA CATALOGACIÓN
Centro catalogador de origen CO-ViMGA
Lengua de catalogación spa
Centro transcriptor CO-ViMGA
245 00 - • TITULO PROPIAMENTE DICHO
Título Cuentos goticos
Resto del título antologia, volumen 1
Mención de responsabilidad, etc. traducidos e intervenidos en Actitud Larsen por Luis Heran Rodriguez Felder
250 ## - • MENCIÓN DE EDICIÓN
Mención de edición Edicion especial para El Ministerio de Cultura, Biblioteca Nacional de Colombia
300 ## - • DESCRIPCIÓN FÍSICA
Extensión 188 pg̀inas
Otras características físicas ilustraciones
Dimensiones 20 cm
490 1# - • MENCIÓN DE SERIE
Mención de serie Clasicos
Designación de volumen o secuencia 28
505 00 - • NOTA DE CONTENIDO CON FORMATO
Nota de contenido con formato El extraño / H.P. Lovecraft -- Berenica / Edgar Allan Poe -- Aceite de perro / Ambrose Bierce -- El ladron̤ de cadaveres / Robert Louis Stevenson / Una noche espantosa -- Anton Chejov -- La mendiga de Locarno / Heinrich Von Kleiste -- Diplomacia / Lafcadio Hearn -- La casa embrujada / Catherine Crowe -- Historia de un muerto contada por el mismo / Alexandre Dumas -- La aventura del estudiante aleman / Washington Irving -- Un fantasma / Guy de Maupassant -- La ventana abierta / SAKI -- Confesion̤ encontrada en una prision̤ de la epoca de Carlos II / Charles Dickens -- El aparecido / Donatien de Sade
650 14 - • PUNTO DE ACCESO ADICIONAL DE MATERIA - TÉRMINO DE MATERIA
Término de materia o nombre geográfico como elemento inicial Cuentos de fantasmas
Fuente del encabezamiento o término LEMB
Subdivisión de forma Colecciones
650 14 - • PUNTO DE ACCESO ADICIONAL DE MATERIA - TÉRMINO DE MATERIA
Término de materia o nombre geográfico como elemento inicial Cuentos de terror
Fuente del encabezamiento o término LEMB
Subdivisión de forma Colecciones
650 14 - • PUNTO DE ACCESO ADICIONAL DE MATERIA - TÉRMINO DE MATERIA
Término de materia o nombre geográfico como elemento inicial Cuentos fants̀ticos
Fuente del encabezamiento o término LEMB
Subdivisión de forma Colecciones
650 14 - • PUNTO DE ACCESO ADICIONAL DE MATERIA - TÉRMINO DE MATERIA
Término de materia o nombre geográfico como elemento inicial Fantasmas en la literatura
Fuente del encabezamiento o término LEMB
700 10 - • PUNTO DE ACCESO ADICIONAL - NOMBRE DE PERSONA
Nombre de persona Bierce, Ambrose Gwinnet
Fechas asociadas al nombre 1842-1914
700 10 - • PUNTO DE ACCESO ADICIONAL - NOMBRE DE PERSONA
Nombre de persona Chǰov, Anton Pavlovich
Fechas asociadas al nombre 1860-1904
700 10 - • PUNTO DE ACCESO ADICIONAL - NOMBRE DE PERSONA
Nombre de persona Crowe, Catherine
700 10 - • PUNTO DE ACCESO ADICIONAL - NOMBRE DE PERSONA
Nombre de persona Dickens, Charles
Fechas asociadas al nombre 1812-1870
700 10 - • PUNTO DE ACCESO ADICIONAL - NOMBRE DE PERSONA
Nombre de persona Dumas, Alexandre
Fechas asociadas al nombre 1824-1895
700 10 - • PUNTO DE ACCESO ADICIONAL - NOMBRE DE PERSONA
Nombre de persona Irving, Washington
Fechas asociadas al nombre 1783-1859
700 10 - • PUNTO DE ACCESO ADICIONAL - NOMBRE DE PERSONA
Nombre de persona Kleist, Heinrich Von
Fechas asociadas al nombre 1777-1811
700 10 - • PUNTO DE ACCESO ADICIONAL - NOMBRE DE PERSONA
Nombre de persona Lafcadio, Hearn
Fechas asociadas al nombre 1850-1904
700 10 - • PUNTO DE ACCESO ADICIONAL - NOMBRE DE PERSONA
Nombre de persona Lovecraft, Howard Phillips
Fechas asociadas al nombre 1890-1937
700 10 - • PUNTO DE ACCESO ADICIONAL - NOMBRE DE PERSONA
Nombre de persona Maupassant, Guy de
Fechas asociadas al nombre 1850-1893
700 10 - • PUNTO DE ACCESO ADICIONAL - NOMBRE DE PERSONA
Nombre de persona Poe, Edgar Allan
Fechas asociadas al nombre 1809-1848
700 10 - • PUNTO DE ACCESO ADICIONAL - NOMBRE DE PERSONA
Nombre de persona Rodriguez Felder, Luis Heran
Término indicativo de función traductor
700 10 - • PUNTO DE ACCESO ADICIONAL - NOMBRE DE PERSONA
Nombre de persona Sade, Donatien Alphonse Francois,Conde, llamado Marquez de
Fechas asociadas al nombre 1740-1814
700 10 - • PUNTO DE ACCESO ADICIONAL - NOMBRE DE PERSONA
Nombre de persona Saki, 1870-1916
700 10 - • PUNTO DE ACCESO ADICIONAL - NOMBRE DE PERSONA
Nombre de persona Stevenson, Robert Louis
Fechas asociadas al nombre 1850-1894
942 ## - ENTRADA DE ELEMENTOS AGREGADOS (KOHA)
Fuente de clasificaión o esquema Dewey Decimal Classification
Koha [por defecto] tipo de item LIbro
Existencias
Perdido Fuente de clasificación o esquema Estado Físico No para préstamo Forma de adquisición Localización permanente Localización actual Localización en estanterías Fecha adquisición Préstamos totales Signatura completa Código de barras Fecha última consulta Número de copia Fecha del precio de reemplazo Tipo de item de Koha Renovaciones totales Fecha último préstamo Note pública Fuente de adquisición
  Dewey Decimal Classification     Colección General Biblioteca Pública Cubarral Biblioteca Pública Cubarral Literatura 08/02/2023   C CUEC CUB01644 08/02/2023 Ej.1 08/02/2023 Libro Literatura        
  Dewey Decimal Classification     Colección General Biblioteca Pública Dorado Biblioteca Pública Dorado Literatura 02/22/2023   CCUEC DOR01861 02/22/2023 Ej.1 02/22/2023 Libro Literatura        
  Dewey Decimal Classification     Colección General Biblioteca Pública Fuentedeoro - Henry Llanos García Biblioteca Pública Fuentedeoro - Henry Llanos García Literatura 06/06/2023   C CUEC Fo00001179 06/06/2023 Ej.1 06/06/2023 Libro Literatura        
  Dewey Decimal Classification     Colección General Biblioteca Pública José Eustasio Rivera - San Martin Biblioteca Pública José Eustasio Rivera - San Martin Literatura 03/22/2023   C CUEC SM00144 03/22/2023 Ej.1 03/22/2023 Libro Literatura        
  Dewey Decimal Classification     Colección General Biblioteca Pública Puerto Lleras Biblioteca Pública Puerto Lleras Literatura 01/24/2024   C CUEC PLL01180 01/24/2024 Ej.1 01/24/2024 Libro Literatura        
  Dewey Decimal Classification     Colección General Biblioteca Pública Puerto López - Jorge Eliecer Gaitán Biblioteca Pública Puerto López - Jorge Eliecer Gaitán General 10/28/2025   C CUEC PLZ04195 10/28/2025 Ej.1 10/28/2025 Libro Literatura        
  Dewey Decimal Classification     Colección General Biblioteca Pública San Carlos de Guaroa - Eduardo Carranza Biblioteca Pública San Carlos de Guaroa - Eduardo Carranza Literatura 09/11/2023   C CUEC SG01101 09/11/2023 Ej.1 09/11/2023 Libro Literatura        
  Dewey Decimal Classification     Colección General Biblioteca Pública Barranca de Upia - María Dolores Herrera Biblioteca Pública Barranca de Upia - María Dolores Herrera Literatura 09/21/2023   C CUEC BUP00562 09/21/2023 Ej.1 09/21/2023 LIbro        
  Dewey Decimal Classification     Colección General Biblioteca Pública Cabuyaro Biblioteca Pública Cabuyaro Literatura 09/07/2023   C CUEC CAB000555 09/07/2023 Ej.1 09/07/2023 Libro Literatura        
        Literatura General Biblioteca Pública Departamental Eduardo Carranza - Villavicencio Biblioteca Pública Departamental Eduardo Carranza - Villavicencio Literatura 02/18/2016   C CUEC ECA24627 11/26/2024 Ej.1 11/26/2024 LIbro     18482 | 23636  
  Dewey Decimal Classification     Sala General Segundo Piso Biblioteca Pública Germán Arciniegas - Villavicencio Biblioteca Pública Germán Arciniegas - Villavicencio   08/03/2016 4 C CUEC 30211 02/17/2023 Ej. 1 08/03/2016 LIbro 2 06/15/2021    
  Dewey Decimal Classification     Literatura General Biblioteca Pública Granada - Boca del Monte Biblioteca Pública Granada - Boca del Monte Literatura 05/13/2026   C-CUEC GRDA08171 05/13/2026 Ej.1 05/13/2026 LIbro       BIBLIOTECA NACIONAL DE COLOMBIA
  Dewey Decimal Classification     Colección General Biblioteca Pública Guamal Biblioteca Pública Guamal Literatura 02/06/2023   C CUEC GUA000612 02/06/2023 Ej.1 02/06/2023 Libro Literatura        
  Dewey Decimal Classification     Colección General Biblioteca Pública La Macarena Biblioteca Pública La Macarena Literatura 02/13/2024   C CUEC LM00923 02/13/2024 Ej.1 02/13/2024 LIbro        
  Dewey Decimal Classification     Sala General Biblioteca Pública Mapiripan Biblioteca Pública Mapiripan Literatura 01/18/2024   C CUEC MAP00002367 01/18/2024 Ej.1 01/18/2024 LIbro        
  Dewey Decimal Classification     Colección General Biblioteca Pública San Juanito - Ernesto Maria Peña Romero Biblioteca Pública San Juanito - Ernesto Maria Peña Romero Literatura 06/18/2025   C CUEC SJU01840 06/18/2025 Ej.1 06/18/2025 LIbro        
  Dewey Decimal Classification     Colección General Biblioteca Pública Uribe - Reinerio Arenas Biblioteca Pública Uribe - Reinerio Arenas Literatura 12/19/2024   C CUEC URI01974 12/19/2024 Ej.1 12/19/2024 Libro Literatura        
  Dewey Decimal Classification       Biblioteca Pública Vistahermosa Biblioteca Pública Vistahermosa   04/22/2025   C CUEC EJ.1 VIST 0001820 04/22/2025   04/22/2025 LIbro        









Instituto Departamental de Cultura del Meta - Red Departamental de Bibliotecas Públicas del Meta.